000 00830cab a2200241 4500
001 WB3228-27
008 090401t1996 xxu||||| |||| 00| 0 eng d
035 _a(Sirsi) u56456
041 _aeng
245 _aUndertaking of costs
260 _c1996
350 _a0
490 _aEstates Gazette
_v(9628) 13 July 1996, 136(1)
520 _aDiscusses the case of "Dong Bang Minerva (UK) Ltd v Davina Ltd" in which it was concluded that is was reasonable for a landlord to require an undertaking of `reasonable` costs before proceeding with an application to consent to an assignment.
650 _aASSIGNMENTS
650 _aDONG BANG MINERVA UK LTD V DAVINA LTD
650 _aLEGAL COSTS
650 _aREASONABLE COSTS
690 _aPROPERTY-LANDLORD AND TENANT
690 _aLAW
942 _n0
948 _c04/03/1997
999 _c34429
_d34429